000 00715nam a2200205Ia 4500
003 BUBTL
008 151213s9999 xx 000 0 und d
082 _a658.848/LIC
100 _aBeirtil Lianden, Vern Terpstoa & Michal F. Yosttion.
_92979
245 _aComparative Analysis for International Marketing
_cBeirtil Lianden, Vern Terpstoa & Michal F. Yosttion.
260 _aU S A
_bAllyn and Bacon Boston
_c1997
300 _axviii , 198p . :
_bill . ; 23cm.
500 _aIncludes Index
650 _aMarketing
_92980
650 _aMarketing
_92980
700 _aBeirtil Lianden, Vern Terpstoa & Michal F. Yosttion.
_92979
856 _k0
_l0
_yDownload
942 _2ddc
_cBK
999 _c2002
_d2002